عرض عادي
عرض مارك
- Investments
مدخل مصطلح موضوعي
001 - رقم الضبط
- حقل الضبط: 44787
003 - معرف رقم الضبط
- حقل الضبط: OSt
005 - تاريخ ووقت أخر عملية
- حقل الضبط: 20140512141607.0
008 - عناصر بيانات ثابتة الطول
- حقل تحكم ثابت الطول: 140512|||a|||||| | ||| d
040 ## - مصدر الفهرسة
- هيئة الفهرسة الأصلية: OSt
- وكالة الكتابة: OSt
150 ## - مدخل-- مصطلح تاريخي
- عنصر مدخل المصطلح الموضوعي او الاسم الجغرافي: Investments
- تفريع جغرافي: Islamic countries.
670 ## - بيانات المصدر موجوده
- الاستشهاد بالمصدر: Work cat.: (OSt)0: Krichene, Noureddine. 44785, Islamic capital markets :, 2013.
